| 000 | 00636nam a2200205 i 4500 | ||
|---|---|---|---|
| 001 | 31821 | ||
| 003 | ES-MaACL | ||
| 005 | 20250526063006.0 | ||
| 007 | t| | ||
| 008 | 030130s1970 sp ||||1| spa d | ||
| 100 | 1 |
_aBeckett, Samuel, _d1906-1989 _9240713 |
|
| 245 | 1 | 0 |
_aPoemas / _cSamuel Beckett ; [traducción, estudio y notas de Jenaro Talens]. |
| 260 |
_aBarcelona : _bBarral, _c1970. |
||
| 300 |
_a107 p. ; _c19 cm. |
||
| 490 | 1 |
_aLibros de Enlace ; _v9 |
|
| 700 |
_aTalens, Jenaro, _d1946- _9235316 |
||
| 830 | 0 |
_aLibros de Enlace ; _v9 _9187569 |
|
| 852 |
_aES-MaACL _jC-40249 _bR.73985 |
||
| 999 |
_c31821 _d31821 |
||